000
00339nas a2200145 a 4500
001
69474
003
143347
005
20201118110647.0
008
||||||n9999 ||| || ||
245
0
_a
Ediciones Laborales - No.308,309,311,315-318
260
_c
1988.
562
_e
0
773
_0
69471
_a
Ediciones Laborales
942
_c
SISS
999
_c
69474
_d
69474